000 00588nam a2200241Ia 4500
003 OSt
005 20221005125747.0
006 a|||||r|||| 00| 0
007 ta
008 221004b |||||||| |||| 00| 0 mal d
024 _a58912
037 _cTextual
040 _aCRL
_cCRL
_bmal
041 _2mal
_amal
082 _aT15:5, 32K0
100 _aMenon Keshava Au.
_9637082
245 0 _aPrabhatha deepam
260 _c1960
300 _a145p.
_ccm.
650 _aEDUCATION
942 _hT15:5, 32K0
_cTEXL
_2cc
999 _c1054981
_d1054981